Stade Brestois - Tous les joueurs de 2010 à 2025 - Statistiques

Statistiques générales
  • Ce quiz a été pris 91 fois
    73 depuis la dernière actualisation
  • Le résultat moyen est 66 sur 188
Statistiques - réponses
Saisons Nationalité Joueur Nombre
De Matchs
Poste % Correct
2012 - 20152016 - France BrendanChardonnet 253 D
92%
2018 - France HugoMagnetti 174 M
89%
2015 - 2017 CoteD'Ivoire EricTié Bi 31 M
86%
2021 - 2025 Pays - Bas MarcoBizot 148 G
86%
2022 - 2025 France PierreLees - Melou 93 M
86%
2022 - France KennyLala 95 D
84%
2024 - France LudovicAjorque 43 A
84%
2011 - 2013 Mauritanie AdamaBa 16 M
81%
2014 - 2017 Mali CherifDoumbia 21 M
81%
2023 - Mali KamoryDoumbia 70 M
81%
2009 - 2018 Martinique BrunoGrougi 307 M
78%
2018 - 2023 Algérie HarisBelkebla 167 M
76%
2022 - 2025 France MahdiCamara 115 M
76%
2022 - 2025 Portugal MathiasPereira Lage 99 A
76%
2021 - France RomainDel Castillo 116 A
76%
2020 - 2024 Bénin SteveMounié 135 A
76%
2022 - France BradleyLocko 44 D
73%
2017 - 2022 France GautierLarsonneur 141 G
73%
2019 - 2021 Guyane LudovicBaal 20 D
70%
2017 - 2021 France GaetanCharbonnier 137 A
68%
2021 - France GrégoireCoudert 13 G
68%
2024 - Guinée -Bissau MamaBaldé 42 A
68%
2021 - 20222023 - 2024 Uruguay MartinSatriano 52 A
68%
2020 - 2023 France FranckHonorat 109 A
65%
2023 - France JulienLe Cardinal 36 D
65%
2024 - 2025 Sénégal AbdallahSima 40 A
62%
2023 - 2025 France JordanAmavi 15 D
62%
2020 - 2024 France LilianBrassier 117 D
62%
2009 - 2014 Mali OusmaneCoulibaly 78 D
62%
2024 - 2025 France SoumailaCoulibaly 16 D
62%
2015 - 20172018 - 2021 Italie CristianBattochio 131 M
59%
2023 - 2025 France JonasMartin 57 M
59%
2005 - 2012 Martinique SteeveElana 246 G
59%
2018 - 2019 France BabaTraoré 3 D
57%
2010 - 2011 Mali FodieTraoré 6 M
57%
2012 - 2015 CoteD'Ivoire IsmaelTraoré 93 D
57%
2020 - 20222024 - 2025 France RomainFaivre 91 M
57%
2024 - 2025 Suisse EdimilsonFernandes 32 D/M
54%
2019 - 2023 Haiti Jean - KévinDuverne 121 D
54%
2020 - 2024 France JérémyLe Douaron 136 A
54%
2017 - 2019 France JessyPi 58 M
54%
2017 - 2020 France MathiasAutret 118 M
54%
2009 - 2012 France NolanRoux 86 A
54%
2021 - 2022 Algérie YoucefBelaili 19 A
54%
2024 - 2025 Sénégal AbdoulayeN'Diaye 27 D
51%
2022 - 2025 France AxelCamblan 19 A
49%
2022 - 2023 Algérie IslamSlimani 18 A
49%
2023 - CoteD'Ivoire LuckZogbé 20 D
49%
2016 - 2018 Sénégal HabibDiallo 52 A
46%
2018 - 2020 France IbrahimaDiallo 55 M
46%
2011 - 2017 Martinique JoanHartock 92 G
46%
2016 - 2022 France JulienFaussurier 161 D
46%
2019 - 2021 France RomainPerraud 61 D
46%
2018 - 2020 France YoannCourt 52 M
46%
2016 - 2018 France ZakariaDiallo 41 D
46%
2008 - 20132015 - 2016 France GregoryLorenzi 109 D
43%
2024 - 2025 Maroc IbrahimSalah 21 A
43%
2022 - 2023 Angleterre KaramokoDembélé 18 A
43%
2016 - 2017 France NealMaupay 32 A
43%
2022 - 2024 Maroc AchrafDari 24 D
41%
2012 - 2015 France AlexisThébaux 111 G
41%
2020 - 2023 France ChristopheHerelle 56 D
41%
2019 - 2022 France Hianga'aMbock 40 M
41%
2019 - 2023 Malte IrvinCardona 106 A
41%
2017 - 2020 Cameroun Jean - CharlesCastelletto 94 D
41%
2024 - 2025 Mali MassadioHaidara 31 D
41%
2011 - 2013 Mali Abdoul WahidSissoko 49 M
38%
2009 - 2014 France BenoitLesoimier 156 A
38%
2014 - 2015 Mali BiramaTouré 27 M
38%
2015 - 2018 Mali IbrahimaSissoko 32 M
38%
2010 - 2013 Guinée LarsenTouré 57 A
38%
2019 - 2020 Guinée - Bissau AlexandreMendy 24 A
35%
2012 - 2014 France BernardMendy 41 D
35%
2023 - 2024 Algérie BillalBrahimi 20 A
35%
2015 - 2020 Guyane DonovanLéon 23 G
35%
2011 - 2013 Israel EdenBen Basat 56 A
35%
2014 - 2020 France GaetanBelaud 164 D
35%
2024 - France JustinBourgault 3 D
35%
2016 - 2019 France QuentinBernard 84 D
35%
2007 - 2012 France RomainPoyet 158 A
35%
2023 - 2024 France AdrienLebeau 9 M
32%
2017 - 2019 France AnthonyWeber 75 D
32%
2024 - Mali HamidouMakalou 4 M
32%
2020 - 2021 Brésil JeanLucas 17 M
32%
2021 - 2023 Finlande JereUronen 23 D
32%
2010 - 2013 RépubliqueTchèque MarioLicka 89 M
32%
2007 - 2013 Maroc AhmedKantari 162 D
30%
2014 - 2015 France GaetanLaborde 31 A
30%
2012 - 2014 France GeoffreyDernis 47 A
30%
2013 - 2015 France JohannRamaré 79 M
30%
2013 - 2015 France NicolasVerdier 56 A
30%
2009 - 2012 Congo OscarEwolo 106 M
30%
2010 - 2013 France PaulBaysse 89 D
30%
2021 - 2022 Comores RafikiSaid 17 A
30%
2019 - 2022 France SébastienCibois 5 G
30%
2016 - 2018 France AlexandreCoeff 61 D
27%
2020 - 2021 France BandiougouFadiga 6 M
27%
2012 - 2013 Curacao CharlisonBenschop 31 A
27%
2019 - 2022 France DenysBain 20 D
27%
2017 - 2019 France EdouardButin 71 A
27%
2014 - 2015 France GaetanCourtet 19 A
27%
2007 - 20092010 - 2014 Togo JonathanAyité 110 A
27%
2017 - 2020 Gabon KévinMayi 47 A
27%
2021 - 2022 France LucienAgoumé 30 M
27%
2022 - 2023 Sénégal NoahFadiga 22 D
27%
2019 - 2022 France PaulLasne 59 M
27%
2013 - 2016 Guinée SimonFalette 108 D
27%
2015 - 2017 France StevenJoseph - Monrose 73 A
27%
2022 - 2023 Guadeloupe TairykArconte 5 A
27%
2022 - 2023 Honduras AlberthElis 10 A
24%
2011 - 2016 Guadeloupe AlexandreAlphonse 95 A
24%
2014 - 2017 France BryanPelé 78 M
24%
2022 - 2023 France FélixLemaréchal 13 M
24%
2018 - 2021 France Ferris N'Goma 41 M
24%
2020 - 2021 Portugal HeriTavares 4 A
24%
2017 - 2019 France JulienFabri 3 G
24%
2016 - 2017 Brésil LucianoCastan 36 D
24%
2013 - 2017 France ManuelPerez 116 M
24%
2009 - 2012 Sénégal OmarDaf 83 D
24%
2010 - 2013 Guinée RichardSoumah 30 D
24%
2020 - 2022 France RonaelPierre - Gabriel 62 D
24%
2024 - Sénégal SaliouDiop 2 A
24%
2019 - 2020 France SamuelGrandsir 27 A
24%
2011 - 2015 France TripyMakonda 53 D
24%
2013 - 2015 France WilfriedMoimbé 63 D
24%
2011 - 2015 Algérie AbelKhaled 45 A
22%
2007 - 2014 Algérie BrahimFerradj 132 D
22%
2017 - 2019 Bénin DavidKiki 13 D
22%
2022 - 2023 Argentine JoaquinBlazquez 3 G
22%
2011 - 2012 France JonathanZebina 29 D
22%
2008 - 2011 Gabon Moise Brou Apanga 88 D
22%
2010 - 2012 RépubliqueTchèque TomasMicola 23 M
22%
2015 - 2019 France ValentinHenry 49 D
22%
2012 - 2014 France FlorianJulien 4 D
19%
2012 - 2014 France FlorianLejeune 26 D
19%
2011 - 2013 Colombie JhonCulma 26 M
19%
2016 - 2018 France JohanGastien 41 M
19%
2017 - 2018 France LennyPintor 7 A
19%
2011 - 2013 France LionelCappone 3 G
19%
2015 - 2016 Pays - Bas MelvinPlatje 13 A
19%
2014 - 2015 Espagne RobinLe Normand 1 D
19%
2018 - 2019 France ThomasAyasse 28 M
19%
2016 - 2017 France ValentinLavigne 24 A
19%
2014 - 2016 France YoussefAdnane 46 A
19%
2021 - 2022 Sénégal YoussouphBadji 11 A
19%
2014 - 2016 France AlexandreCuvillier 37 M
16%
2014 - 2015 Maroc ChahirBelghazouani 30 A
16%
2015 - 20172018 - 2019 France CorentinJacob 12 D
16%
2013 - 2014 Martinique DominiquePandor 22 A
16%
2015 - 2016 France Jean - AlainFanchone 4 D
16%
2010 - 2015 France JohanMartial 72 D
16%
2012 - 2013 Maroc KamelChafni 32 M
16%
2016 - 2019 France PierreMagnon 9 M
16%
2020 - 2021 France RomainPhilippoteaux 20 M
16%
2011 - 2012 Argentine SantiagoGentiletti 17 D
16%
2013 - 2016 France WilliamSea 31 A
16%
2015 - 2016 Sénégal YayaSané 16 D
16%
2006 - 2012 France YohanBigné 141 M
16%
2015 - 2017 CoteD'Ivoire AliKeita 26 D
14%
2012 - 2014 France AndréAuras 11 M
14%
2011 - 2014 Mauritanie DialloGuidileye 34 M
14%
2010 - 2011 Grèce FilipposDarlas 3 D
14%
2011 - 2012 Tunisie IssamJemaa 10 A
14%
2017 - 2018 France JasonBerthomier 34 M
14%
2015 - 2016 Congo KevinKoubemba 19 A
14%
2014 - 2016 Mali MamadouSamassa 13 A
14%
2014 - 2015 France StephaneTritz 19 D
14%
2009 - 2011 Cameroun ThéophileN'Tamé 5 D
14%
2016 - 2018 France ZakarieLabidi 29 M
14%
2015 - 2016 Guinée BaissamaSankoh 33 M
11%
2014 - 2015 Algérie BilalHamdi 6 M
11%
2018 - 2019 France DerickOsei 3 A
11%
2012 - 2013 France FlorianRaspentino 21 A
11%
2010 - 2011 RépubliqueDémocratique Du Congo GranddiN'Goyi 28 M
11%
2014 - 2016 France JasonRanneaud 6 M
11%
2016 - 2017 France LouisNganioni 23 D
11%
2012 - 2013 Sénégal MagayaGueye 8 A
11%
2015 - 2016 France MaximeBrillault 9 D
11%
2012 - 2014 France TimotheeDieng 7 M
11%
2014 - 2015 France MatthisJourdan 2 A
8%
2010 - 2011 France AnthonyBova 2 A
5%
2015 - 2016 France BeniNkololo 1 A
5%
2017 - 2018 Congo ExaucéNgassaki 1 A
5%
2013 - 2014 France JordanLebacle 3 M
5%
2013 - 2014 France VictorRousseau 1 M
5%
2014 - 2015 Congo ChristopherMissilou 2 M
3%
2014 - 2015 BurkinaFaso FaicalOuedraogo 1 M
3%
2015 - 2016 France SimonGargadennec 1 D
3%
Aucun quiz correspondant
Distribution des résultats
% des personnes avec chaque résultat
Percentile par nombre de réponses
Votre historique - résultats
Vous n’avez pas pris ce quiz depuis la dernière actualisation